00783nam a2200181 a 450000100100000000500170001000800410002704000250006810000230009324501370011626000410025330000400029449000460033470000460038083000530042695201050047999900170058400003671220200930075905.0120125s1953 es 000 0 spa d aDO-SdBNPbspacBNPHU1 aIpser, Karl96301514aLas obras de arte del Vaticano :bcon 160 láminas /cKarl Ipser ; traducción del alemán por Francisca Palau-Ribes Casamitjana. aBarcelona :bEditorial Orbis,c1953. a198 p., 160 láms :bil. ;c25 cm.1 aColecciones de arte (Ciudad del Vaticano)12aPalau-Ribes Casamitjana, Francisca963016 0aColecciones de arte (Ciudad del Vaticano)963017 001050718MOaGRbGRcCTd2012-01-25iLF1l0o p36712-10r2020-06-25w2020-06-25y1ZNo se presta c36203d36203